| 000 | 01328nam a2200457 a 4500 | ||
|---|---|---|---|
| 003 | AR-BaBNM | ||
| 005 | 20251128204735.0 | ||
| 008 | 082120s2002 ||||||||||||||000 | spa|| | ||
| 020 | _a84-281-0281-1 | ||
| 040 | _cAR-BaBNM | ||
| 245 | 0 | 0 | _aPsicología de la educación |
| 250 | _a1ª ed. | ||
| 260 |
_aBarcelona _bOikos-tau _c1974 |
||
| 300 |
_a265 p. _bgráfs., tablas |
||
| 490 | 0 |
_aTratado de ciencias pedagógicas _vv. 6 |
|
| 500 | _aContiene referencias bibliográficas | ||
| 650 | 4 | _aPSICOLOGIA DE LA EDUCACION | |
| 650 | 4 | _aPEDAGOGIA | |
| 650 | 4 | _aPSICOLOGIA DEL NIÑO | |
| 650 | 4 | _aPSICOLOGIA EVOLUTIVA | |
| 650 | 4 | _aPSICOLOGIA DEL ADOLESCENTE | |
| 650 | 4 | _aCONDUCTA | |
| 650 | 4 | _aTEORIAS DEL APRENDIZAJE | |
| 650 | 4 | _aDESARROLLO INTELECTUAL | |
| 650 | 4 | _aDESARROLLO DE LA PERSONALIDAD | |
| 650 | 4 | _aDESARROLLO DEL LENGUAJE | |
| 650 | 4 | _aCOMUNICACION | |
| 650 | 4 | _aCOMPORTAMIENTO DEL ALUMNO | |
| 650 | 4 | _aEVALUACION OPERACIONAL | |
| 650 | 4 | _aOBJETIVOS EDUCACIONALES | |
| 700 | 1 | _aMialaret, Gastón | |
| 700 | 1 | _aZazzo, René | |
| 700 | 1 | _aMalrieu, Philippe | |
| 700 | 1 | _aTabary, Jean-Claude | |
| 700 | 1 | _aLeny, Jean-Francois | |
| 700 | 1 | _aReuchlin, Maurice | |
| 800 | 1 |
_aDebesse, Maurice _edirector |
|
| 800 | 1 |
_aMialaret, Gastón _edirector |
|
| 942 | _cBK | ||
| 998 | _cGrace | ||
| 999 |
_c8634 _d8634 |
||